000 00650nam a2200193Ia 4500
005 20260120132139.0
008 008 260114s9999 xx 000 0 eng d
020 _a9781383029918
037 _aEBOOK
040 _aCRL
_beng
_cCRL
041 _aeng
_2eng
084 _qCRL
100 _aChen
_9935502
245 0 _aMortality, Biochemistry, Diet and Lifestyle in Rural China: Geographic study of the characteristics of 69 counties in mainland China and 16 areas in Taiwan
260 _bOxford University PressOxford University Press
_c2023
856 _uhttps://academic.oup.com/book/52667
942 _cEBOOK
999 _c1527425
_d1527425